<?xml version="1.0" encoding="UTF-8"?>
<record
    xmlns:xsi="http://www.w3.org/2001/XMLSchema-instance"
    xsi:schemaLocation="http://www.loc.gov/MARC21/slim http://www.loc.gov/standards/marcxml/schema/MARC21slim.xsd"
    xmlns="http://www.loc.gov/MARC21/slim">

  <leader>02503nam a2200325   4500</leader>
  <controlfield tag="001">243</controlfield>
  <controlfield tag="003">OSt</controlfield>
  <controlfield tag="005">20250528074016.0</controlfield>
  <controlfield tag="008">250206b        |||||||e |||| 00| 1 eng d</controlfield>
  <datafield tag="020" ind1=" " ind2=" ">
    <subfield code="a">9788532500762</subfield>
  </datafield>
  <datafield tag="040" ind1=" " ind2=" ">
    <subfield code="b">por</subfield>
  </datafield>
  <datafield tag="041" ind1=" " ind2=" ">
    <subfield code="h">eng</subfield>
    <subfield code="a">por</subfield>
  </datafield>
  <datafield tag="082" ind1=" " ind2=" ">
    <subfield code="a">823</subfield>
    <subfield code="b">F667p</subfield>
  </datafield>
  <datafield tag="100" ind1="1" ind2=" ">
    <subfield code="a">Follett, Ken,</subfield>
    <subfield code="d">1949-</subfield>
    <subfield code="9">453</subfield>
  </datafield>
  <datafield tag="240" ind1=" " ind2=" ">
    <subfield code="a">The pillars of the Earth</subfield>
  </datafield>
  <datafield tag="245" ind1=" " ind2=" ">
    <subfield code="a">Os pilares da Terra -  </subfield>
    <subfield code="b">Volume II /</subfield>
    <subfield code="c">Follett, Ken ; Tradu&#xE7;&#xE3;o de Paulo Azevedo</subfield>
  </datafield>
  <datafield tag="260" ind1=" " ind2=" ">
    <subfield code="a">Rio de Janeiro</subfield>
    <subfield code="b">Rocco</subfield>
    <subfield code="c">1992</subfield>
  </datafield>
  <datafield tag="300" ind1=" " ind2=" ">
    <subfield code="a">607 p.</subfield>
  </datafield>
  <datafield tag="520" ind1=" " ind2=" ">
    <subfield code="a">Ken Follett, mestre do suspense e da a&#xE7;&#xE3;o, n&#xE3;o poderia ter escolhido tema mais inusitado na sua trajet&#xF3;ria liter&#xE1;ria, pautada por romances de espionagem: a constru&#xE7;&#xE3;o de uma catedral g&#xF3;tica na Inglaterra do s&#xE9;culo XII. Impondo o seu ritmo &#xE1;gil a uma hist&#xF3;ria que recria uma &#xE9;poca marcada pelo poder da Igreja e dos cavaleiros, e pela arquitetura como m&#xE1;xima express&#xE3;o art&#xED;stica, Follett escreve um romance que segue, inclusive estruturalmente, o levantamento do ch&#xE3;o da uma obra-prima de pedra e delicados ornamentos.

No segundo volume o fio condutor da narrativa passa a ser Jack Shareburg, o filho de Ellen com trovador injustamente condenado &#xE0; morte na forca. Criado por Tom, Jack v&#xEA; impelido a correr o mundo pela impossibilidade de se casar com Aliena, noiva de seu irm&#xE3;o, e pela incapacidade de se adaptar ao noviciado. Decidido a fazer o Caminho de Santiago de Compostela, ele entra em contato, no percurso, com a cultura sarracena e vai a Paris a tempo de ver constru&#xED;da a catedral de Saint-Denis. &#xC9; ali que reencontra Aliena e o filho, e decide voltar &#xE0; Inglaterra, para cumprir o que julga ser sua miss&#xE3;o: levar as conquistas do g&#xF3;tico franc&#xEA;s, a mistura de solidez e leveza, para a reconstru&#xE7;&#xE3;o da catedral de Kingsbridge.

As tramas paralelas, desenvolvidas por Follett no primeiro volume, ganham na segunda parte f&#xF4;lego surpreendente. Movimentos camponeses, conspira&#xE7;&#xF5;es, prociss&#xF5;es improvisadas, tudo reflete a agita&#xE7;&#xE3;o do final do s&#xE9;culo e a mudan&#xE7;a galopante das fei&#xE7;&#xF5;es da Inglaterra feudal. Os mist&#xE9;rios propostos no in&#xED;cio do romance s&#xE3;o desvendados, as pe&#xE7;as do quebra-cabe&#xE7;as encaixam-se.
</subfield>
  </datafield>
  <datafield tag="650" ind1=" " ind2="0">
    <subfield code="a">Literatura Inglesa</subfield>
    <subfield code="9">89</subfield>
  </datafield>
  <datafield tag="650" ind1=" " ind2="0">
    <subfield code="a">Hist&#xF3;rico</subfield>
    <subfield code="9">53</subfield>
  </datafield>
  <datafield tag="650" ind1=" " ind2="0">
    <subfield code="a">Medieval </subfield>
    <subfield code="9">170</subfield>
  </datafield>
  <datafield tag="650" ind1=" " ind2="0">
    <subfield code="a">Religi&#xE3;o</subfield>
    <subfield code="9">100</subfield>
  </datafield>
  <datafield tag="650" ind1=" " ind2="0">
    <subfield code="a">Cl&#xE1;ssicos</subfield>
    <subfield code="9">77</subfield>
  </datafield>
  <datafield tag="650" ind1=" " ind2="0">
    <subfield code="a">Filme</subfield>
    <subfield code="9">26</subfield>
  </datafield>
  <datafield tag="655" ind1=" " ind2="0">
    <subfield code="a">Romance</subfield>
    <subfield code="9">23</subfield>
  </datafield>
  <datafield tag="655" ind1=" " ind2="0">
    <subfield code="a">Fic&#xE7;&#xE3;o </subfield>
    <subfield code="9">22</subfield>
  </datafield>
  <datafield tag="700" ind1=" " ind2=" ">
    <subfield code="a">Paulo Azevedo</subfield>
    <subfield code="e">Tradutor</subfield>
    <subfield code="9">451</subfield>
  </datafield>
  <datafield tag="942" ind1=" " ind2=" ">
    <subfield code="2">ddc</subfield>
    <subfield code="n">0</subfield>
    <subfield code="c">BK</subfield>
  </datafield>
  <datafield tag="952" ind1=" " ind2=" ">
    <subfield code="0">0</subfield>
    <subfield code="1">0</subfield>
    <subfield code="2">ddc</subfield>
    <subfield code="3">vol. 02</subfield>
    <subfield code="4">0</subfield>
    <subfield code="7">0</subfield>
    <subfield code="8">FIC</subfield>
    <subfield code="a">BIBIB</subfield>
    <subfield code="b">BIBIB</subfield>
    <subfield code="c">LE</subfield>
    <subfield code="d">1998-06-05</subfield>
    <subfield code="e">doa&#xE7;&#xE3;o</subfield>
    <subfield code="l">0</subfield>
    <subfield code="o">823 / F667p</subfield>
    <subfield code="p">2025-10996</subfield>
    <subfield code="r">2025-02-06 08:21:28</subfield>
    <subfield code="w">2025-02-06</subfield>
    <subfield code="y">BK</subfield>
  </datafield>
  <datafield tag="999" ind1=" " ind2=" ">
    <subfield code="c">243</subfield>
    <subfield code="d">243</subfield>
  </datafield>
</record>
